000 01550nam a2200493 i 4500
001 6193
003 KOSZ 005
005 20240223062757.0
008 970510s1993 pl a |001 0 pol
015 _aUWD 1995/145
020 _a8385769196
035 _a991000001339705066
035 _a(PL-WaBN)b10001335-48omnis_nlop
035 _ab10001335
035 _a(OCoLC)751129521
035 _a(PL)b0000001000133
035 _a(EXLNZ-48OMNIS_NETWORK)9910324325905606
040 _aWA N
_cWA N
_dKOSZ 005/AR
041 _apol
044 _apl
046 _k1993
080 _a004.4'232
080 _a(07)
100 1 _aSypek, Maciej
_eAutor
245 1 0 _aAmi Pro 3.0 po polsku /
_cMaciej Sypek.
260 _aWarszawa :
_b"Read Me",
_ccopyright 1993.
300 _a266, [14] stron :
_bilustracje ;
_c24 cm.
336 _aTekst
_btxt
_2rdacontent
337 _aBez urządzenia pośredniczącego
_bn
_2rdamedia
338 _aWolumin
_bnc
_2rdacarrier
380 _aKsiążki
388 1 _a1901-2000
388 1 _a1989-2000
504 _aIndeksy.
521 _aDla wszystkich użytkowników mikrokomputerów.
650 7 _aAmi Pro
_2DBN
650 7 _aEdytory tekstu
_2DBN
655 7 _aPodręcznik
_2DBN
658 _aInformatyka i technologie informacyjne
710 _4pbl
_aOficyna Wydawnicza "Read Me", Włodzimierz Bińczyk
856 _uhttp://koha.tu.koszalin.pl/cgi-bin/koha/opac-detail.pl?biblionumber=6193
_yKatalog online BPK
942 _2UKD
_cKS
999 _c6193
_d6193